<?xml version="1.0" encoding="UTF-8"?>
<record
    xmlns:xsi="http://www.w3.org/2001/XMLSchema-instance"
    xsi:schemaLocation="http://www.loc.gov/MARC21/slim http://www.loc.gov/standards/marcxml/schema/MARC21slim.xsd"
    xmlns="http://www.loc.gov/MARC21/slim">

  <leader>01145nam a2200241 i 4500</leader>
  <controlfield tag="001">187048</controlfield>
  <controlfield tag="003">SpMaBN</controlfield>
  <controlfield tag="005">20250823002624.0</controlfield>
  <controlfield tag="008">170406s1970    sp aef   c   |||| |dspa d</controlfield>
  <datafield tag="080" ind1=" " ind2=" ">
    <subfield code="a">75(45)"16":061.43(460.27 M.)"1970"</subfield>
  </datafield>
  <datafield tag="110" ind1="2" ind2=" ">
    <subfield code="a">Museo Nacional del Prado.</subfield>
    <subfield code="9">160001</subfield>
  </datafield>
  <datafield tag="245" ind1="1" ind2="0">
    <subfield code="a">Pintura italiana del siglo XVII </subfield>
    <subfield code="b">: exposici&#xF3;n conmemorativa del ciento cincuenta aniversario de la fundaci&#xF3;n del Museo del Prado : Cas&#xF3;n del Buen Retiro, Madrid, abril-mayo 1970 / </subfield>
    <subfield code="c">[direcci&#xF3;n literaria, Alfonso E. P&#xE9;rez S&#xE1;nchez].</subfield>
  </datafield>
  <datafield tag="260" ind1=" " ind2=" ">
    <subfield code="a">[Madrid] : </subfield>
    <subfield code="b">Comisar&#xED;a General de Exposiciones de la Direcci&#xF3;n General de Bellas Artes, </subfield>
    <subfield code="c">1970.</subfield>
  </datafield>
  <datafield tag="300" ind1=" " ind2=" ">
    <subfield code="a">603 p., [1] h. de plano pleg., [1] p. de l&#xE1;m. : </subfield>
    <subfield code="b">il. col. y n. ;</subfield>
    <subfield code="c">26 cm.</subfield>
  </datafield>
  <datafield tag="504" ind1=" " ind2=" ">
    <subfield code="a">Bibliograf&#xED;a: p. 595-601.</subfield>
  </datafield>
  <datafield tag="650" ind1=" " ind2="7">
    <subfield code="a">Pintura italiana-</subfield>
    <subfield code="y">S.XVII-</subfield>
    <subfield code="v">Exposiciones.</subfield>
    <subfield code="9">162299</subfield>
  </datafield>
  <datafield tag="655" ind1=" " ind2="7">
    <subfield code="2">tgfbne</subfield>
    <subfield code="9">193628</subfield>
    <subfield code="a">Cat&#xE1;logos de exposiciones</subfield>
  </datafield>
  <datafield tag="700" ind1="1" ind2=" ">
    <subfield code="a">P&#xE9;rez S&#xE1;nchez, Alfonso E.,</subfield>
    <subfield code="d">1935-2010</subfield>
    <subfield code="9">91143</subfield>
  </datafield>
  <datafield tag="710" ind1="1" ind2=" ">
    <subfield code="a">Espa&#xF1;a. </subfield>
    <subfield code="b">Comisar&#xED;a General de Exposiciones</subfield>
    <subfield code="9">3633</subfield>
  </datafield>
  <datafield tag="852" ind1=" " ind2=" ">
    <subfield code="a">ES-MaACL</subfield>
    <subfield code="j">L-31369 </subfield>
    <subfield code="z">- enc. tela</subfield>
  </datafield>
  <datafield tag="942" ind1=" " ind2=" ">
    <subfield code="2">udc</subfield>
  </datafield>
  <datafield tag="999" ind1=" " ind2=" ">
    <subfield code="c">187048</subfield>
    <subfield code="d">187048</subfield>
  </datafield>
  <datafield tag="952" ind1=" " ind2=" ">
    <subfield code="0">0</subfield>
    <subfield code="1">0</subfield>
    <subfield code="4">0</subfield>
    <subfield code="7">0</subfield>
    <subfield code="a">ATENEOM</subfield>
    <subfield code="b">ATENEOM</subfield>
    <subfield code="c">DEPO2</subfield>
    <subfield code="d">2017-04-06</subfield>
    <subfield code="e">DON</subfield>
    <subfield code="l">0</subfield>
    <subfield code="o">L-31369</subfield>
    <subfield code="p">1197335</subfield>
    <subfield code="r">2023-02-23 00:00:00</subfield>
    <subfield code="w">2023-02-23</subfield>
    <subfield code="y">MONOGRAFIA</subfield>
  </datafield>
</record>
